♦ Taper l'Alphabet dans l'Ordre en 15 secondes [DÉFI FR] ♦ - Statistiques

Statistiques générales
  • Ce quiz a été pris 1 482 fois
  • Le résultat moyen est 23 sur 26
Statistiques - réponses
Hint Réponse % Correct
1 A
100%
2 B
98%
3 C
97%
4 D
95%
5 E
95%
6 F
94%
7 G
93%
8 H
92%
9 I
92%
10 J
91%
11 K
91%
12 L
90%
13 M
90%
14 N
87%
15 O
87%
16 P
87%
17 Q
85%
18 R
84%
19 S
84%
20 T
83%
21 U
81%
22 V
81%
23 W
79%
24 X
77%
25 Y
74%
26 Z
71%
Aucun quiz correspondant
Distribution des résultats
% des personnes avec chaque résultat
Percentile par nombre de réponses
Votre historique - résultats
Vous n’avez pas pris ce quiz